[Event "Athens Panellinios op 7th"]
[Site "Athens"]
[Date "2013.01.14"]
[Round "1"]
[White "Kouros, Ahileas"]
[Black "Salapatas Hatzigiann, Ioannis"]
[Result "1/2-1/2"]
[WhiteElo "1472"]
[BlackElo "1780"]
[PlyCount "85"]
[EventDate "2013.01.14"]
[EventType "swiss"]
[EventRounds "7"]
[EventCountry "GRE"]
[SourceTitle "EXT 2024"]
[Source "ChessBase"]
[SourceDate "2023.10.10"]
[SourceVersion "1"]
[SourceVersionDate "2023.10.10"]
[SourceQuality "1"]

1. e4 c6 2. d4 d5 3. exd5 cxd5 4. c4 Nf6 5. cxd5 Nxd5 6. Nc3 e6 7. g3 Bb4 8. Nge2 Bd7 9. Bg2 Bc6 10. 0-0 Nb6 11. Qb3 Bxg2 12. Kxg2 Nc6 13. Rd1 Bxc3 14. Nxc3 Qf6 15. d5 Nd4 16. Rxd4 Qxd4 17. Qb5+ Nd7 18. dxe6 fxe6 19. Qxb7 Rb8 20. Be3 Rxb7 21. Bxd4 e5 22. Ne4 Rb4 23. Nd6+ Ke7 24. Bc3 Rbb8 25. Rd1 Rhf8 26. Nc4 Rf5 27. Rd5 g6 28. Nxe5 Nxe5 29. Rxe5+ Rxe5 30. Bxe5 Rb5 31. Bc3 Ke6 32. f3 Kf5 33. Kf2 Rb7 34. Ke2 Rd7 35. Bh8 Rd5 36. Bg7 a6 37. Bh8 a5 38. Bc3 Ke6 39. Bg7 a4 40. Bc3 Kf5 41. b3 axb3 42. axb3 Ke6 43. b4 1/2-1/2

[Event "GRE-chT 40th"]
[Site "Achaia"]
[Date "2012.07.05"]
[Round "7.13"]
[White "Kouros, Ahileas"]
[Black "Doulidis, Pavlos Georgios"]
[Result "0-1"]
[WhiteElo "1439"]
[BlackElo "1682"]
[PlyCount "68"]
[EventDate "2012.06.30"]
[EventType "team-swiss"]
[EventRounds "7"]
[EventCountry "GRE"]
[SourceTitle "CBM 149 Extra"]
[Source "ChessBase"]
[SourceDate "2012.08.24"]
[SourceVersion "1"]
[SourceVersionDate "2012.08.24"]
[SourceQuality "1"]
[WhiteTeam "Pan GA"]
[BlackTeam "Tzelepis Ikaria"]
[WhiteTeamCountry "GRE"]
[BlackTeamCountry "GRE"]

1. e4 e6 2. d4 d5 3. exd5 exd5 4. Nf3 Nf6 5. Bd3 Bd6 6. 0-0 0-0 7. Bg5 h6 8. Bh4 Be6 9. Ne5 c5 10. c3 cxd4 11. cxd4 Nc6 12. Nf3 Be7 13. Nbd2 Rc8 14. a3 Qb6 15. Nb3 Rfe8 16. Rc1 Bg4 17. Be2 Ne4 18. Bxe7 Rxe7 19. h3 Bh5 20. g4 Bg6 21. Ne5 Rce8 22. Nxg6 fxg6 23. Bf3 Qc7 24. Nc5 Qd6 25. Bxe4 dxe4 26. Qb3+ Kh7 27. Nxb7 Qf6 28. Qa4 Nxd4 29. Rcd1 Nf3+ 30. Kg2 Qf4 31. Rh1 Nh4+ 32. Kf1 Rf8 33. Qc2 e3 34. Kg1 e2 0-1

[Event "GRE-chT 40th"]
[Site "Achaia"]
[Date "2012.07.01"]
[Round "2.12"]
[White "Kouros, Ahileas"]
[Black "Lezgidis, Fotios"]
[Result "0-1"]
[WhiteElo "1439"]
[BlackElo "1647"]
[PlyCount "54"]
[EventDate "2012.06.30"]
[EventType "team-swiss"]
[EventRounds "7"]
[EventCountry "GRE"]
[SourceTitle "CBM 149 Extra"]
[Source "ChessBase"]
[SourceDate "2012.08.24"]
[SourceVersion "1"]
[SourceVersionDate "2012.08.24"]
[SourceQuality "1"]
[WhiteTeam "Pan GA"]
[BlackTeam "Ptolemaida Ptolemaios"]
[WhiteTeamCountry "GRE"]
[BlackTeamCountry "GRE"]

1. e4 c5 2. Nf3 e6 3. d4 cxd4 4. Nxd4 a6 5. Nc3 Qc7 6. Be3 Nf6 7. f3 Bb4 8. Qd3 d5 9. 0-0-0 Bxc3 10. Qxc3 Qxc3 11. bxc3 dxe4 12. Be2 Nbd7 13. Kb2 0-0 14. fxe4 Nxe4 15. Bf3 Ndf6 16. Nb3 e5 17. Rhe1 Bf5 18. Bg1 Rac8 19. g4 Bg6 20. g5 Nxc3 21. gxf6 Nxd1+ 22. Rxd1 Rxc2+ 23. Ka3 b5 24. fxg7 Kxg7 25. Nc5 Rc3+ 26. Kb4 Rxf3 27. Nxa6 Ra8 0-1

[Event "GRE-ch U18"]
[Site "Nikaia"]
[Date "2012.01.04"]
[Round "3"]
[White "Kouros, Ahileas"]
[Black "Agorastoudis Vlahos, Ioakim"]
[Result "0-1"]
[WhiteElo "1322"]
[BlackElo "1750"]
[PlyCount "56"]
[EventDate "2012.01.03"]
[EventType "swiss"]
[EventRounds "9"]
[EventCountry "GRE"]
[SourceTitle "CBM 146 Extra"]
[Source "ChessBase"]
[SourceDate "2012.02.29"]
[SourceVersion "1"]
[SourceVersionDate "2012.02.29"]
[SourceQuality "1"]

1. e4 d6 2. d4 g6 3. f4 Bg7 4. e5 Nh6 5. Bd3 0-0 6. Nc3 Nc6 7. Nf3 Nf5 8. Bxf5 Bxf5 9. Be3 Nb4 10. a3 Nxc2+ 11. Ke2 Nxa1 12. Qxa1 dxe5 13. dxe5 Qd3+ 14. Kf2 f6 15. exf6 Bxf6 16. Qa2+ Kg7 17. Rd1 Qa6 18. Qd5 c6 19. Qd2 Bg4 20. h3 Bxf3 21. Kxf3 Qa5 22. Ne4 Qxd2 23. Rxd2 Rfd8 24. Rxd8 Rxd8 25. Nc5 Kf7 26. b3 b6 27. Ne4 Rd3 28. Nd2 Bd4 0-1

[Event "GRE-ch U18"]
[Site "Nikaia"]
[Date "2012.01.03"]
[Round "1"]
[White "Kouros, Ahileas"]
[Black "Papadopoulos, Argirios"]
[Result "0-1"]
[WhiteElo "1322"]
[BlackElo "1772"]
[PlyCount "120"]
[EventDate "2012.01.03"]
[EventType "swiss"]
[EventRounds "9"]
[EventCountry "GRE"]
[SourceTitle "CBM 146 Extra"]
[Source "ChessBase"]
[SourceDate "2012.02.29"]
[SourceVersion "1"]
[SourceVersionDate "2012.02.29"]
[SourceQuality "1"]

1. e4 c5 2. Nf3 e6 3. d4 cxd4 4. Nxd4 Nf6 5. Nc3 d6 6. f3 a6 7. Be3 b5 8. Qd2 Nbd7 9. 0-0-0 Bb7 10. g4 Nb6 11. h4 Rc8 12. Kb1 Nfd7 13. Bg5 Be7 14. Bxe7 Qxe7 15. Nb3 d5 16. exd5 Nxd5 17. Nxd5 Bxd5 18. Bg2 Nc5 19. Rhe1 Nxb3 20. axb3 Bc6 21. h5 h6 22. Qd6 Qxd6 23. Rxd6 Ke7 24. Red1 Rhd8 25. Rxd8 Rxd8 26. Rxd8 Kxd8 27. c4 g5 28. hxg6 fxg6 29. Kc2 b4 30. Kd3 e5 31. Ke3 Ke7 32. Bh3 Kd6 33. Bf1 h5 34. Bh3 Kc5 35. gxh5 gxh5 36. Bf5 h4 37. Bh3 a5 38. Bf5 a4 39. bxa4 Bxa4 40. f4 exf4+ 41. Kxf4 Kxc4 42. Kg4 Kb3 43. Kxh4 Kxb2 44. Kg3 Bb3 45. Kf2 Bf7 46. Ke2 Kc1 47. Kd3 b3 48. Kc3 b2 49. Kb4 Ba2 50. Ka3 Bb1 51. Be6 Bh7 52. Ba2 Bg8 53. Bxg8 b1Q 54. Bb3 Qb2+ 55. Kb4 Kd2 56. Ka4 Kc3 57. Ka5 Qxb3 58. Ka6 Qb8 59. Ka5 Qb7 60. Ka4 Qa6# 0-1